[Event "Mukachevo m"]
[Site "Mukachevo"]
[Date "2009.09.22"]
[Round "3"]
[White "Short, Nigel D"]
[Black "Efimenko, Zahar"]
[Result "1/2-1/2"]
[WhiteElo "2706"]
[BlackElo "2654"]
[Annotator "Bischoff,K"]
[PlyCount "102"]
[EventDate "2009.09.20"]
[EventType "match"]
[EventRounds "6"]
[EventCountry "UKR"]
[SourceTitle "CBM 133"]
[Source "ChessBase"]
[SourceDate "2009.11.19"]
[SourceVersion "1"]
[SourceVersionDate "2009.11.19"]
[SourceQuality "1"]

{The first two games were both won by Black after a hard and interesting fight.
Will White achieve a better result today?} 1. e4 c5 2. Nf3 d6 3. d4 cxd4 4.
Nxd4 Nf6 5. Nc3 a6 6. Be2 {This quiet move was Geller's main weapon against
any kind of Sicilian. He was one of the few players, who had a positive score
against Bobby Fischer.} e5 {Zahar continues to play a Najdorf. Kasparov used
to play e6 instead of e5 to get a Scheveningen Sicilian.} 7. Nb3 Be7 8. Bg5 Be6
{Black is now ready to connect his knights with Nbd7. This Nf6 is the best
defender of the key square d5.} 9. Bxf6 Bxf6 10. Qd3 (10. Bg4 {looks
interesting, but Black will of course not exchange the bishops. Black is not
afraid at all to get a doubled e-pawn, because he would then win the fight for
d5.}) 10... Be7 {Bad bishops protect good pawns(Suba).} 11. Nd5 Nd7 12. Rd1 $5
{Diagramm # interesting, more obvious moves were castling queenside or
castling kingside and play for Rfd1. With Rd1 immediately Nigel wants to
provoke a concession.} Bxd5 {This is of course a very safe way to play the
position. Rc8 could have led to more interesting positions.} 13. Qxd5 Qc7 14.
c3 O-O 15. O-O b5 16. Nd2 $5 {Still d5 is the most important square. So the
useless Nb3 is starting a long journey.} Nb6 17. Qb3 Qc5 18. a3 $1 {Diagramm #
It is not easy to explain how deep this move is. White is not threatening Qb4,
but he has this move available now.} Rac8 19. Rfe1 g6 {Black starts to prepare
f5, but this is of course in itself risky.} 20. Nf1 Kh8 {Zahar continues his
risky plan, but I am afraid this is asking for trouble.} (20... Bg5 {to
prevent Ne3 looks solid. After} 21. Qb4 {Black can protect his d-pawn with}
Rfd8) 21. Ne3 f5 22. exf5 Bg5 23. Qb4 $1 {Diagramm # This was prepared five
moves ago. Black is now in big danger.} Bxe3 24. fxe3 gxf5 25. Qxc5 dxc5 26.
Rd6 Rb8 {This passive move is more or less forced. White has the d-file under
control and things look grim for Black.} 27. Red1 Kg7 28. h4 $5 {Diagramm #
This is either a great move or a sign of impatience. It is a bit boring to
suggest Kf2 as an improvement, but Rc6 and Re6 looked promising.} c4 29. Kf2
Rf6 30. Rxf6 Kxf6 31. Rd6+ Kg7 32. e4 fxe4 33. Ke3 Na4 34. Rxa6 {Now Nigel's
queenside will be destroyed.} (34. Rd7+ {may be a better try. After} Kh8 {
White plays} 35. Rd2 {to keep his pawns for a while. If Black tries} Nc5 {
White can calmly build up the kingside with} 36. g4 {before he starts
operations at the other side.}) 34... Nxb2 35. Ra7+ Kh8 36. Kxe4 Na4 37. Kxe5
Nxc3 38. Bf3 Re8+ 39. Kf6 Rf8+ 40. Ke6 Re8+ 41. Kf7 Rg8 42. Ra5 Rb8 43. Bc6 Nb1
44. Bxb5 Nxa3 45. Ba6 Ra8 $1 {Diagramm # With this strong defence Zahar is
saving his bacon.} 46. Rxa3 Ra7+ 47. Kf8 Ra8+ 48. Kf7 Ra7+ {These checks are
necessary, because Black must take the bishop with check.} 49. Kf6 c3 {only now
} 50. Rxc3 Rxa6+ 51. Kf7 Ra7+ {Black is still okay, but today Zahar had to
work hard to get away with a draw.} 1/2-1/2

[Event "Dresden Post 7th"]
[Site "Dresden"]
[Date "1987.11.13"]
[Round "7"]
[White "Kovalev, Andrei"]
[Black "Schurade, Matthias"]
[Result "0-1"]
[WhiteElo "2400"]
[BlackElo "2350"]
[Annotator "Bodach,H"]
[PlyCount "110"]
[EventDate "1987.11.07"]
[EventType "tourn"]
[EventRounds "9"]
[EventCountry "DDR"]
[EventCategory "5"]
[SourceTitle "EXT 2006"]
[Source "ChessBase"]
[SourceDate "2005.11.24"]
[SourceVersion "1"]
[SourceVersionDate "2005.11.24"]
[SourceQuality "1"]

{SCHACH 2/1988} 1. e4 c5 2. Nf3 d6 3. d4 cxd4 4. Nxd4 Nf6 5. Nc3 a6 6. Be3 e5
7. Nb3 Be7 8. Be2 Be6 9. O-O Nbd7 10. a4 Rc8 11. f3 Nb6 12. a5 Nc4 13. Bxc4
Rxc4 14. Rf2 O-O 15. Rd2 Qd7 16. Nc5 Qc6 17. N5a4 Nd7 18. Nd5 Bxd5 19. exd5 Qc8
20. b3 Rh4 {Schwarz mit Angriff auf dem Königsflügel, Weiss mit kombiniertem
Spiel am Damenflügel und im Zentrum, bekannt vor allem aus der Variante 1.e4
c5 2.Nf3 Nc6 3.d4 cxd4 4.Nxd4 Nf6 5.Nc3 e5 6.Ndb5 d6 7.Nd5} 21. c4 f5 22. Rc1
Qe8 23. Qe2 ({Zielstrebiger erscheint} 23. c5) 23... Qh5 24. h3 Rf6 25. f4 Rxh3
$5 {Der schwarze Angriff darf nicht zum Stehen kommen.} 26. Qxh5 $2 ({Nach} 26.
gxh3 Qxh3 27. Kf2 Rg6 28. Ke1 exf4 29. Bxf4 Bh4+ 30. Kd1 Qxb3+ 31. Rdc2 Ne5 {
steht er chancenreich, zumal sich Weiss schon in Zeitnot befand.}) 26... Rxh5
27. Nb6 Rfh6 28. Kf2 Nf6 29. fxe5 Ne4+ 30. Ke2 Rg6 31. Nc8 Kf8 32. Nxe7 Kxe7
33. exd6+ Kxd6 34. Bf4+ Kd7 35. Rdc2 Rxg2+ 36. Ke3 Rg4 37. c5 Rh3+ 38. Kd4 Rxf4
39. Ke5 Rf2 40. c6+ bxc6 41. Rxc6 Nf6 42. Rd6+ Ke8 43. Rc8+ Kf7 44. Rc7+ Kg6
45. Rxa6 Re2+ 46. Kd6 Rxb3 47. Rb6 Ra3 48. a6 Rea2 49. Rcc6 Ra5 50. Kc7 Rxd5
51. Kb7 Rda5 52. Rc1 Kg5 53. Rg1+ Ng4 54. Re1 h5 55. Re7 g6 0-1

[Event "WchT 3rd"]
[Site "Luzern"]
[Date "1993.??.??"]
[Round "2.2"]
[White "Dolmatov, Sergey"]
[Black "Lin, Weiguo"]
[Result "1-0"]
[WhiteElo "2630"]
[BlackElo "2540"]
[Annotator "Boensch,U"]
[PlyCount "71"]
[EventDate "1993.10.24"]
[EventType "team-tourn"]
[EventRounds "9"]
[EventCountry "SUI"]
[SourceTitle "CBM 038"]
[Source "ChessBase"]
[SourceDate "1994.02.01"]
[SourceVersion "1"]
[SourceVersionDate "1994.02.01"]
[SourceQuality "1"]
[WhiteTeam "Russia"]
[BlackTeam "China"]
[WhiteTeamCountry "RUS"]
[BlackTeamCountry "CHN"]

1. e4 c5 2. Nf3 d6 3. d4 cxd4 4. Nxd4 Nf6 5. Nc3 a6 6. Be2 e5 7. Nb3 Be7 8. O-O
O-O 9. Kh1 Be6 (9... b5 10. Nd5 Nxd5 11. Qxd5 Ra7 12. Be3 Be6 13. Qd1 Rd7 14.
a4 bxa4 15. Rxa4 Bg5 $10 {Wahls,M-Arnason,J Groningen 1990 1/2 22}) (9... Nbd7
$146 10. f3 Qc7 (10... Nb6 11. a4 d5 12. a5 d4 13. Nb1 Nbd7 14. c3 dxc3 15.
Nxc3 $14 {Cseshkovsky,V-Nasybullin Kasachstan 1993 1-0 41}) 11. a4 h6 12. Nd2
Rd8 13. Nc4 Nb6 14. Ne3 Be6 15. a5 $16 {Cseshkovsky,V-Pigusov,E St.Petersburg
zt (5) 1993 1/2 31}) (9... Nc6 $6 10. f4 exf4 11. Bxf4 Be6 12. Qe1 Ne8 $146 13.
Nd5 $1 $14 {(Ehlvest) Ehlvest,J-Gurevich,I Saint-Martin 1993 1-0 47 -Inf.57/258
}) 10. f4 Qc7 11. Nd5 $1 (11. f5 $6 Bc4 12. a4 Nbd7 13. Bg5 Rfc8 14. Rf3 Bxe2
15. Qxe2 Qc4 16. Qxc4 Rxc4 {1/2 Moiseev,V-Isupov,V Kemerovo 1991}) (11. Qd3 $5
b5 12. Qg3 Kh8 13. a3 Nbd7 14. fxe5 dxe5 15. Nd4 $14 {Diaz,JC-Pigusov,E Santa
Clara (12) 1991 1-0 33}) 11... Bxd5 12. exd5 Nbd7 13. c4 Ne4 14. Be3 Rae8 15.
Qc2 Nec5 16. f5 $16 Rc8 17. Nd2 a5 18. Nb1 $1 {Nc3-b5,e4} Qd8 19. Nc3 Bg5 20.
Bg1 Qf6 21. a3 Qh6 22. b4 axb4 23. axb4 Na6 24. Rf3 Qf6 (24... Nxb4 $2 25. Qa4
Ra8 $8 26. Qxa8 Rxa8 27. Rxa8+ Nf8 28. Ne4 $18) 25. Ne4 Qe7 26. Qb3 Bh6 27. c5
$1 $18 dxc5 28. Bxa6 bxa6 29. bxc5 Qh4 30. Qa4 Rfd8 31. Bf2 Qh5 32. c6 Bf4 33.
Rh3 Qxf5 34. Nd6 Nb6 35. Nxf5 Nxa4 36. Ne7+ 1-0

[Event "Interzonal-16"]
[Site "Biel"]
[Date "1993.??.??"]
[Round "6"]
[White "Malisauskas, Vidmantas"]
[Black "Nalbandian, Tigran"]
[Result "1/2-1/2"]
[WhiteElo "2540"]
[BlackElo "2485"]
[Annotator "Boensch,U"]
[PlyCount "88"]
[EventDate "1993.07.16"]
[EventType "swiss"]
[EventRounds "13"]
[EventCountry "SUI"]
[SourceTitle "CBM 037"]
[Source "ChessBase"]
[SourceDate "1993.12.01"]
[SourceVersion "1"]
[SourceVersionDate "1993.12.01"]
[SourceQuality "1"]

1. e4 c5 2. Nf3 d6 3. d4 cxd4 4. Nxd4 Nf6 5. Nc3 a6 6. Be2 e5 7. Nb3 Be7 8. O-O
O-O 9. a4 Be6 10. f4 Nbd7 11. Kh1 Rc8 12. f5 Bc4 $5 (12... Bxb3) 13. Be3 Qc7 (
13... Bxe2 14. Qxe2 Rxc3 $6 15. bxc3 Nxe4 16. Qd3 Ndf6 17. c4 $5 {/\ Rab1,
Nd2+/= ><b7}) (13... b6 $5) 14. a5 b5 $5 (14... Rfd8 $5 15. Ra4 Bxe2 16. Qxe2
Qc6 $1 $10) (14... Rfe8 $5) 15. axb6 Nxb6 16. Bg5 (16. Na5 d5 $5 $13 (16...
Bxe2 17. Qxe2 Nc4 $5 {/\} (17... d5 $6) 18. Nxc4 Qxc4 19. Qxc4 Rxc4 20. Rxa6
Rb8 $5)) 16... d5 $1 $8 17. Bxf6 (17. exd5 Bxe2 18. Qxe2 Nbxd5 19. Nxd5 (19.
Bxf6 $6 Nxc3 20. bxc3 Bxf6 $36 {><c2, c3}) 19... Nxd5 20. Bxe7 Qxe7 21. Rxa6
Nb4 22. Ra5 Rxc2 $10) 17... Bxf6 18. Bxc4 (18. exd5 Rfd8 19. Bxc4 Qxc4 (19...
Nxc4 $5 $132 {><b2, e3}) 20. Na5 Qb4 $13) (18. Nxd5 Nxd5 19. exd5 Rfd8 $5 {/\}
20. Bxc4 Qxc4 21. d6 Qc6 $10) 18... dxc4 19. Nd2 (19. Na5 Be7 $5 (19... Rfd8
20. Qg4 $5 (20. Qe2 Be7 $5 {/\ Bb4<=>}))) 19... Rfd8 20. Qe2 Qd6 $1 $8 (20...
Qb7 21. Rfd1 {/\ Nf3+/= ><a6, d5}) 21. Nf3 Qb4 $1 $132 22. Rxa6 (22. Ra2 $6 a5)
22... Qxb2 23. Rb1 Qxc3 24. Raxb6 Ra8 $1 $8 {|^ /\ Ra1 בa1-h1} 25. h3 $6 (25.
h4 $5) 25... h5 $1 {/\ h4 ><g3} (25... Ra2 $6 26. Rb8 $1 Qxc2 (26... Rxc2 27.
Rxd8+ Bxd8 28. Rb8 $1 Rc1+ 29. Kh2 Qa5 30. Qd2 $1 $18) 27. Qxc2 Rxc2 28. Rxd8+
Bxd8 29. Rb8 {/\ Ne5+/=}) 26. Rc6 Ra1 27. Rxa1 Qxa1+ 28. Kh2 h4 $5 (28... c3
29. Qc4 {><c3}) 29. Qxc4 Rd1 30. Rc8+ Kh7 31. g3 Qc1 $5 {><f4} (31... hxg3+ $5)
32. Qe2 hxg3+ 33. Kg2 Rd7 $5 {/\ Ra7-a1->} 34. Qe1 $6 (34. Rc3 $5 {/\ Qe3})
34... Qh6 $2 (34... Qxe1 $1 35. Nxe1 Rd4 36. Kf3 Bg5 $1 {/\ Bf4=/+ ><e4}) 35.
Qxg3 $14 Be7 36. Qg4 Rd6 37. h4 Qe3 38. Qh5+ $6 Rh6 39. Qxf7 Qe2+ 40. Kg1 $6
Qe3+ (40... Bc5+ $5 41. Rxc5 Qxf3 42. Rc8 Qg3+ 43. Kf1 $10 {Malisauskas,V}) 41.
Kg2 Qe2+ 42. Kg3 Bxh4+ $8 43. Nxh4 Qe3+ 44. Nf3 (44. Kg2 Qe2+ $10) 44... Rh3+
$1 1/2-1/2

[Event "Bad Homburg"]
[Site "Bad Homburg"]
[Date "1996.??.??"]
[Round "2"]
[White "Unzicker, Wolfgang"]
[Black "Stangl, Markus"]
[Result "0-1"]
[WhiteElo "2460"]
[BlackElo "2565"]
[Annotator "Boensch,U"]
[PlyCount "56"]
[EventDate "1996.07.20"]
[EventType "tourn"]
[EventRounds "9"]
[EventCountry "GER"]
[EventCategory "12"]
[SourceTitle "CBM 055"]
[Source "ChessBase"]
[SourceDate "1996.12.01"]
[SourceVersion "1"]
[SourceVersionDate "1996.12.01"]
[SourceQuality "1"]

1. e4 c5 2. Nf3 d6 3. d4 cxd4 4. Nxd4 Nf6 5. Nc3 a6 6. Be2 e5 7. Nb3 Be7 8. O-O
O-O 9. f4 $6 b5 (9... Nbd7 10. f5 b5 11. Bf3 Bb7 12. g4 h6 13. Qe2 Re8 14. Nd1
d5 $17 {0-1 Osman,K-Roeder,M/Geneve op (02) ;EXP 46 1995 (27)}) (9... Qc7 10.
Kh1 b5 11. Bf3 Nbd7 12. a3 Bb7 13. f5 Rac8 14. g4 d5 15. exd5 e4 $44 {0-1
Zarnicki,P-Sadler,M/Buenos Aires Najdorf (07) ;CBM 49 1995 (38)}) 10. a4 (10.
a3 Bb7 11. Bd3 Nbd7 12. Qe2 Rc8 13. Kh1 Re8 14. Be3 d5 15. exd5 Rxc3 16. bxc3
e4 $15 {0-1 Houtman,J-Shneider,A/Groningen op (02) ;EXP 45 1994 (28)}) (10. Be3
Bb7 11. fxe5 dxe5 12. Qxd8 Bxd8 13. Nc5 Bb6 14. Bf2 Bc6 15. Rad1 Rc8 16. Bf3
Ra7 $10 {Foldi,I-Danner,G/Budapest Elekes (09) 1991/0-1 (48)}) 10... Bb7 (10...
b4 11. Nd5 Nbd7 12. a5 Bb7 13. Bf3 Bxd5 14. exd5 Qc7 15. Re1 Rfc8 $15 {
Prandstetter,E-Danner,G/Prague Bohemians 1988/1/2-1/2 (46)}) 11. axb5 axb5 12.
Rxa8 Bxa8 13. Bxb5 (13. Qd3 Nbd7 14. Bf3 b4 15. Nd5 Nxd5 16. exd5 exf4 17. Bxf4
Ne5 18. Qe4 Nxf3+ 19. Rxf3 Bf6 20. Qxb4 Bxd5 21. Rd3 Qa8 $15 {1/2-1/2
Prandstetter,E-Staniszewski,P/Warsaw zt-B 1987 (36)}) 13... Qb6+ 14. Rf2 (14.
Kh1 Nxe4 15. Nxe4 Qxb5 $15 {[%csl Yg2,Yh1][%cal Ya8f2,Yg2h1]} 16. Kg1 {[%cal
Ya8g2]}) 14... Nxe4 15. Nxe4 Bxe4 (15... Qxb5 16. Nxd6 $16) 16. Bd3 Ba8 17. Qe2
Bh4 $1 18. Bxh7+ (18. g3 Qc6 19. Qe4 Qxe4 20. Bxe4 Bxe4 21. gxh4 $17) 18... Kh8
19. g3 (19. Be3 Bxf2+ 20. Qxf2 Qc6 $17) 19... Kxh7 20. gxh4 Qc6 21. Qd3+ Kg8
22. Kf1 exf4 23. Bxf4 Qh1+ 24. Ke2 Re8+ 25. Be3 Nd7 26. Nd2 (26. Qxd6 Ne5 27.
Qd4 Bf3+ 28. Kd2 Ng4 $19) 26... Ne5 27. Qb5 Bc6 28. Qb3 Bd7 (28... Bd7 29. Nf1
Be6 30. Qc3 (30. Qb4 Bg4+ 31. Kd2 Qd5+ 32. Qd4 Nf3+ $19) 30... Rc8 $19) 0-1

[Event "USA-ch"]
[Site "Greenville"]
[Date "1983.??.??"]
[Round "7"]
[White "Kudrin, Sergey"]
[Black "Lein, Anatoly"]
[Result "1-0"]
[WhiteElo "2505"]
[BlackElo "2490"]
[Annotator "Bulletin"]
[PlyCount "79"]
[EventDate "1983.07.??"]
[EventType "tourn"]
[EventRounds "13"]
[EventCountry "USA"]
[EventCategory "10"]
[SourceTitle "MCL"]
[Source "ChessBase"]
[SourceDate "1999.07.01"]
[SourceVersion "1"]
[SourceVersionDate "1999.07.01"]
[SourceQuality "1"]

1. e4 c5 2. Nf3 d6 3. d4 cxd4 4. Nxd4 Nf6 5. Nc3 a6 6. Be2 e5 7. Nb3 Be6 (7...
Be7) 8. f4 exf4 (8... Qc7 9. g4 $1) 9. Bxf4 Nc6 10. O-O Be7 11. Qe1 Ne5 12. Rd1
Nfd7 (12... Ng6 13. Bg3 $1) 13. Nd5 (13. Nd4) 13... Bxd5 14. Rxd5 O-O 15. Qg3
g6 16. Rdd1 (16. Rd2) 16... Rc8 17. c3 Re8 18. Bg4 Rc7 $2 (18... Nxg4 19. Qxg4
Qb6+ 20. Kh1 Ne5) 19. Bh3 $1 Bh4 20. Qe3 Nc4 21. Qe2 Nde5 22. Nd4 Bg5 23. g3 $1
Bf6 24. b3 Na5 25. c4 Bg7 26. Nc2 b5 27. cxb5 axb5 28. Nb4 Rc5 29. Be3 Qc7 30.
Na6 (30. Qd2 $1) 30... Qc6 31. Nxc5 dxc5 32. Rd5 (32. Qd2 $1 Qxe4 33. Bg2)
32... c4 33. Qf2 Rf8 34. Bd4 $2 (34. Bc5 $1) 34... Nd3 35. Qe3 Re8 36. bxc4
bxc4 $1 37. Qf3 $2 (37. Bd7 Qxd5 38. exd5 Rxe3 39. Bxe3) 37... Bxd4+ 38. Rxd4
Rf8 39. Kh1 Ne5 40. Qc3 1-0

[Event "EU-chT (Men) 10th"]
[Site "Debrecen"]
[Date "1992.11.??"]
[Round "3.2"]
[White "Apicella, Manuel"]
[Black "Brunner, Lucas"]
[Result "1-0"]
[WhiteElo "2435"]
[BlackElo "2500"]
[Annotator "Bulletin"]
[PlyCount "73"]
[EventDate "1992.11.20"]
[EventType "team-swiss"]
[EventRounds "9"]
[EventCountry "HUN"]
[SourceTitle "EU-chT"]
[Source "ChessBase"]
[SourceDate "1999.07.01"]
[SourceVersion "2"]
[SourceVersionDate "1999.07.01"]
[SourceQuality "1"]
[WhiteTeam "France"]
[BlackTeam "Switzerland"]
[WhiteTeamCountry "FRA"]
[BlackTeamCountry "SUI"]

1. e4 c5 2. Nf3 d6 3. d4 cxd4 4. Nxd4 Nf6 5. Nc3 a6 6. Be2 e5 7. Nb3 Be7 8. Be3
Be6 9. O-O O-O 10. Nd5 Nbd7 (10... Nxd5 11. exd5 Bf5 12. Qd2 a5 $1 $13 (12...
Nd7 $6 13. Na5 $1 $14)) 11. Qd3 Bxd5 12. exd5 Nc5 13. Qd2 Qc7 (13... Nce4 14.
Qb4 a5 15. Qxb7 a4 16. Nd2 Rb8 17. Qc6 Rxb2 18. Nxe4 Nxe4 19. Bd3 $14) 14. f3
h6 (14... Nxb3 15. axb3 Nd7 (15... a5 16. c4) 16. b4 $5 (16. c4 $14)) 15. c4
Nh7 (15... Nfd7 16. Na5 $1 f5 17. b4 Na4 18. Rac1 $16 (18. Rfd1 $16)) (15... b6
16. Nxc5 dxc5 17. Bd3 $1 $14) 16. Nxc5 (16. Na5 Bg5 17. b4 Nd7 18. Rac1 (18.
Bxg5 Nxg5 19. Rac1 f5 $13) 18... f5 $13 (18... Qb6 $2 19. f4 $18)) 16... dxc5
17. Bd3 Bd6 (17... f5 18. Qc2 Qd7 19. Rae1 (19. g4 $6 e4 $1 20. fxe4 fxe4 21.
Be2 Rae8 $132) 19... Bd6 20. Bd2 $14 {><e5, /^b1-h7}) 18. g4 Qe7 19. Qg2 Rfe8 (
19... Qh4 $5 20. Bf2 (20. Rae1 $6 Ng5 21. Kh1 $2 Nxf3 $1 $17) 20... Qg5 21.
Rad1 (21. h4 $6 Qd2 $13) 21... Rfe8 22. h4 Qf6 23. Rde1 $14) 20. Rae1 Nf8 (
20... Qh4 21. Bf2 Qg5 22. Re2 Nf8 23. h4 Qd8 24. g5 $16) 21. g5 hxg5 (21... h5
$6 22. g6 fxg6 23. Bxg6 Nxg6 24. Qxg6) 22. Bxg5 f6 23. Bd2 (23. Bh6 $5 $16)
23... Qf7 24. Kh1 Qh5 (24... Re7 25. Re4 $5 (25. Rg1 Qh5 26. Qg4 Qxg4 27. fxg4
g5 $1 $14) 25... f5 26. Rh4 Ng6 $2 27. Rh5 $18) (24... f5 25. Qg5 g6 26. Rg1
Kh8 27. Bc3 $16) 25. Qg4 (25. Rg1 g5 $1 26. Qg4 Qxg4 27. fxg4 Kg7 $14) 25...
Qh8 (25... Qxg4 26. fxg4 Re7 27. g5 Nd7 28. Bf5 $16) (25... Qf7 26. Rg1 $16)
26. Re2 Re7 27. Rg1 Kf7 28. Rg3 Ke8 29. f4 b6 (29... Nd7 30. Rh3 Qf8 31. Rh7
Kd8 32. Rg2) 30. fxe5 Bxe5 31. Bf4 Bxf4 32. Rxe7+ Kxe7 33. Qxf4 Kf7 34. Qc7+
Kg8 35. d6 Re8 36. d7 Re1+ 37. Rg1 1-0

[Event "Bugojno"]
[Site "Bugojno"]
[Date "1978.03.14"]
[Round "14"]
[White "Karpov, Anatoly"]
[Black "Bukic, Enver"]
[Result "1-0"]
[WhiteElo "2725"]
[BlackElo "2500"]
[Annotator "Bulletin"]
[PlyCount "83"]
[EventDate "1978.02.27"]
[EventType "tourn"]
[EventRounds "15"]
[EventCountry "YUG"]
[EventCategory "14"]
[SourceTitle "MCL"]
[Source "ChessBase"]
[SourceDate "1999.07.01"]
[SourceVersion "1"]
[SourceVersionDate "1999.07.01"]
[SourceQuality "1"]

1. e4 c5 2. Nf3 d6 3. d4 cxd4 4. Nxd4 Nf6 5. Nc3 a6 6. Be2 e5 7. Nb3 Be7 8. O-O
O-O 9. a4 Nc6 10. Kh1 (10. f4 Nb4 11. Be3 Bd7 {Peters-Byrne, USA-ch 1977} 12.
Kh1 Bc6 13. Bd3 $1 $14) 10... Be6 (10... b6) 11. f4 Nb4 (11... Na5 12. f5 Bc4
13. Nxa5 Bxe2 14. Qxe2 Qxa5 15. Bg5 Rfc8 16. Bxf6 Bxf6 17. Nd5 $16) 12. f5 Bd7
13. Bg5 Bc6 (13... Nxe4 $2 14. Bxe7 Nxc3 15. bxc3 $18) 14. Bf3 (14. Bxf6 Bxf6
15. Bc4 Rc8 $10) 14... Rc8 (14... b5) 15. Qe2 h6 $6 16. Bh4 b6 17. Rfd1 Qc7 {
/\..d5} 18. Bg3 Bb7 19. Rd2 Rfd8 20. Rad1 Ne8 $6 (20... Nd7 {/\..Bg5} 21. h4
Qc4 (21... Nc5 $2 22. Nc1 $1 $16 Qc6 (22... Qd7 $2 23. Bxe5) 23. Qc4)) 21. h4
Nf6 22. Bf2 Nd7 23. g3 Kf8 24. Nc1 Qc4 25. Qe1 Qc7 26. Qg1 Nc5 27. N1e2 Bc6 28.
b3 Qb7 29. Qg2 Qc7 30. Be3 Bf6 31. Kh2 Qe7 32. Qf2 Bb7 33. Bg2 Kg8 34. Qf3 Kh7
$2 35. Qh5 Qf8 36. Rf1 {/\g4-g5} Nd7 37. Rc1 (37. g4 $2 g6) 37... Rc6 $2 (37...
Rc7) 38. Nd5 $1 Nxd5 (38... a5 $5) 39. exd5 $18 Rcc8 40. Be4 Nc5 41. Bxc5 Rxc5
42. g4 (42. g4 Kg8 43. g5 Be7 44. f6 gxf6 45. gxf6 Bxf6 46. Rg1+ Bg7 47. Qf5)
1-0

[Event "Capablanca Memorial-19 Group A "]
[Site "Cienfuegos"]
[Date "1984.06.03"]
[Round "10"]
[White "Fernandez Garcia, Jose Luis"]
[Black "Vera Gonzalez Quevedo, Reynaldo"]
[Result "1-0"]
[WhiteElo "2440"]
[BlackElo "2440"]
[Annotator "Bulletin"]
[PlyCount "53"]
[EventDate "1984.05.22"]
[EventType "tourn"]
[EventRounds "13"]
[EventCountry "CUB"]
[EventCategory "9"]
[SourceTitle "EXT 2015"]
[Source "ChessBase"]
[SourceDate "2014.11.20"]
[SourceVersion "1"]
[SourceVersionDate "2014.11.20"]
[SourceQuality "1"]

1. e4 c5 2. Nf3 d6 3. d4 cxd4 4. Nxd4 Nf6 5. Nc3 a6 6. Be3 Nbd7 7. Be2 Nc5 8.
Bf3 e6 9. g4 d5 10. exd5 Nxd5 11. Nxd5 exd5 12. Qe2 Be7 13. O-O-O O-O 14. Kb1
Bf6 15. Nb3 Nxb3 16. Rxd5 Qc7 17. cxb3 Be6 18. Rc5 Qb8 19. Qc2 a5 20. Rb5 Rc8
21. Qe4 a4 22. g5 Bxb2 23. Kxb2 axb3 24. axb3 Qd6 25. Rb4 Bd5 $2 (25... Bf5)
26. Qf4 Qg6 27. Rc1 1-0

[Event "British CF-72 Championship"]
[Site "Edinburgh"]
[Date "1985.08.03"]
[Round "6"]
[White "Barua, Dibyendu"]
[Black "Howell, James C"]
[Result "1/2-1/2"]
[WhiteElo "2445"]
[BlackElo "2370"]
[Annotator "Bulletin"]
[PlyCount "78"]
[EventDate "1985.07.29"]
[EventType "swiss"]
[EventRounds "11"]
[EventCountry "SCO"]
[SourceTitle "EXT 1999"]
[Source "ChessBase"]
[SourceDate "1998.11.16"]
[SourceVersion "1"]
[SourceVersionDate "1998.11.16"]
[SourceQuality "1"]

1. e4 c5 2. Nf3 d6 3. d4 cxd4 4. Nxd4 Nf6 5. Nc3 a6 6. Be2 e5 7. Nb3 Be7 8. O-O
O-O 9. f4 Nc6 10. Kh1 b5 11. Bf3 Bb7 12. Qe1 Re8 13. Qf2 Bf8 14. f5 b4 15. Nd5
Nxd5 16. exd5 Nb8 17. Be4 Nd7 18. Qf3 a5 19. f6 Nxf6 20. Bg5 Be7 21. Bxf6 Bxf6
22. Qf5 h6 23. Rf3 Kf8 24. Raf1 Ke7 25. Nd2 Rc8 26. Qh7 Rf8 27. Rxf6 gxf6 28.
Qxh6 Rc5 29. Nb3 Rb5 30. Qxf6+ Kd7 31. Qf3 a4 32. Nd2 Rc5 33. c4 bxc3 34. bxc3
Rc7 35. c4 Ke8 36. Bc2 f5 37. Nb1 a3 38. Qh5+ Ke7 39. Qg5+ Ke8 (39... Ke8 40.
Ba4+ $18) 1/2-1/2

[Event "UKR-ch41"]
[Site "Odessa"]
[Date "1972.05.11"]
[Round "5"]
[White "Buturin, Vladimir"]
[Black "Beliavsky, Alexander G"]
[Result "1/2-1/2"]
[WhiteElo "2370"]
[BlackElo "2638"]
[Annotator "Buturin,V"]
[PlyCount "49"]
[EventDate "1972.05.06"]
[EventType "tourn"]
[EventRounds "17"]
[EventCountry "UKR"]
[SourceTitle "EXT 2019"]
[Source "ChessBase"]
[SourceDate "2018.10.10"]
[SourceVersion "1"]
[SourceVersionDate "2018.10.10"]
[SourceQuality "1"]

1. e4 c5 2. Nf3 d6 3. d4 cxd4 4. Nxd4 Nf6 5. Nc3 a6 6. Be2 e5 7. Nb3 Be6 8. f4
Qc7 9. f5 Bc4 10. a4 b6 11. Bg5 Nbd7 12. Nd2 Bxe2 13. Qxe2 d5 14. O-O (14. Bxf6
Nxf6 15. Nxd5 Nxd5 16. exd5 Qxc2 17. O-O $16) 14... d4 15. Nd5 Nxd5 16. exd5 f6
17. Bh4 Qxc2 18. Rac1 Qxb2 19. Rc6 {!} h5 20. Qc4 (20. d6 $1) 20... Qc3 $1 21.
Qa2 Qa3 $1 22. Qc4 Qc3 23. Qa2 Qa3 24. Qc4 Qc3 25. Qa2 1/2-1/2